LEADER 01489cam a2200313 a 4500 001 000000129041 003 CaOOAMICUS 005 20120523160426.0 008 120523s2011 it 0000u ita r 020 $a978-88-8272-770-3 040 $aPUL$bita 082 04$a241 100 1 $aDonati, Pierpaolo,$d1946-$0(OLS)http://pul/name/5444 245 13$aLa politica della famiglia: per un welfare relazionale e sussidiario /$cPierpaolo Donati. 260 $aSiena :$bCantagalli ;$aCittà del Vaticano :$bPontificio Istituto Giovanni Paolo II per Studi su Matrimonio e Famiglia,$c2012. 300 $a154 p. ;$c24 cm. 490 1 $aAmore umano ;$v12 504 $aBibliografia in nota. 650 4$aFamiglia$xDottrina sociale della Chiesa.$0(OLS)http://pul/subject/38701 830 0$aAmore umano ;$v12.$0(OLS)http://pul/title/141647 850 $aPUL 852 $aPUL$W1$xSL Religione 3$y85$m241 COLL 1.12$j149420$qDDC 21$B147956$CPULBib$Z2$F147956 $H119808 $82 941 1 $a9 996 $6020$a978-88-8272-770-3$9(OLS)http://pul/number/149799 996 $6082$a241$9(OLS)http://pul/classification/246 996 $6245$aLa politica della famiglia: per un welfare relazionale e sussidiario$9(OLS)http://pul/title/163051 996 $6260$aSiena :$bCantagalli$9(OLS)http://pul/publisher/48759 996 $6260$aCittà del Vaticano :$bPontificio Istituto Giovanni Paolo II per Studi su Matrimonio e Famiglia$9(OLS)http://pul/publisher/81597 LEADER 00996naa a2200229 u 4500 001 000000094450 003 CaOOAMICUS 005 20070226130138.0 008 040426s1975 it u000 u ita u 035 $a10991934 040 $aIAR$bita 100 1 $aViolante, Cinzio,$d1921-$0(OLS)http://pul/name/1223 245 12$aI laici nel movimento patarino /$cCinzio Violante. 250 $a2. ed.$briveduta e accresciuta. 260 $aMilano :$bVita e pensiero,$c1975. 300 $aS. 145-248, ;$c21 cm 650 0$aPatarines.$2//eng$0(OLS)http://pul/subject/5113 650 4$aEresie ed eretici$zItalia$yEvo medio.$0(OLS)http://pul/subject/13925 773 0 $aStudi culla cristianità medioevale : Società, istituzioni, spiritualità. 773 0 $aViolante, Cinzio.$tStudi sulla cristianità medioevale : società istituzioni spiritualità$w()12503 996 $6245$aI laici nel movimento patarino$9(OLS)http://pul/title/121318 996 $6260$aMilano :$bVita e pensiero$9(OLS)http://pul/publisher/48016